[Event "4NCL Online Division 2"]
[Site "online"]
[Date "2020.08.25"]
[Round "1.61"]
[White "Crowther, Mark D"]
[Black "Farley, Zak"]
[Result "1-0"]
[WhiteElo "2117"]
[BlackElo "1765"]
[PlyCount "69"]
[EventDate "2020.08.25"]
[WhiteTeam "Bradford DCA Knights A"]
[BlackTeam "Hull & Beverley Romans 2"]

1. e4 c5 2. Nf3 d6 3. Bb5+ Nd7 4. c3 Ngf6 5. Qe2 e6 6. d4 cxd4 7. cxd4 Be7 8.
O-O O-O 9. Nc3 a6 10. Bd3 h6 11. h3 b5 12. e5 Nd5 13. Nxd5 exd5 14. Bb1 Re8 15.
e6 Nf6 16. exf7+ Kxf7 17. Qd3 Ne4 18. Nd2 Nf6 19. Qg6+ Kf8 20. Nf3 Be6 21. Bxh6
gxh6 22. Qxh6+ Kg8 23. Ng5 Bf8 24. Bh7+ Kh8 25. Qh4 Kg7 26. Rae1 Bf7 27. Re3
Rxe3 28. fxe3 Ra7 29. Rf3 Bh5 30. Rg3 Kh8 31. Bg6 Bh6 32. Bxh5 Nxh5 33. Nf7+
Rxf7 34. Qxd8+ Kh7 35. Rf3 1-0

[Event "4NCL Online Division 2"]
[Site "online"]
[Date "2020.08.25"]
[Round "1.62"]
[White "Greep, Stephen"]
[Black "Allis, Richard"]
[Result "0-1"]
[WhiteElo "1697"]
[BlackElo "2052"]
[PlyCount "66"]
[EventDate "2020.08.25"]
[WhiteTeam "Hull & Beverley Romans 2"]
[BlackTeam "Bradford DCA Knights A"]

1. e4 e5 2. Nf3 Nc6 3. c3 Be7 4. d4 d6 5. Bb5 Bd7 6. O-O Nf6 7. Bd3 Bg4 8. Be3
O-O 9. Nbd2 h6 10. Qc1 Re8 11. d5 Nb8 12. c4 b6 13. b4 Bh5 14. c5 Bg6 15. c6
Nxd5 16. exd5 Bxd3 17. Re1 a5 18. Qc3 Bg6 19. bxa5 Rxa5 20. Nc4 Rxd5 21. a4 Rd3
22. Qc1 e4 23. Nd4 Bf6 24. Rd1 Bxd4 25. Rxd3 Bxa1 26. Rb3 Qf6 27. Bxh6 gxh6 28.
Qxh6 Nxc6 29. Rh3 Bd4 30. Ne3 Bxe3 31. fxe3 Re5 32. Rg3 Ne7 33. Qh3 Rf5 0-1

[Event "4NCL Online Division 2"]
[Site "online"]
[Date "2020.08.25"]
[Round "1.63"]
[White "Ther, Mate"]
[Black "Perkins, Peter T"]
[Result "1-0"]
[WhiteElo "1964"]
[BlackElo "1682"]
[PlyCount "47"]
[EventDate "2020.08.25"]
[WhiteTeam "Bradford DCA Knights A"]
[BlackTeam "Hull & Beverley Romans 2"]

1. e4 e5 2. Nf3 Nc6 3. Nc3 Nf6 4. Bb5 d6 5. d4 exd4 6. Nxd4 Bd7 7. O-O a6 8.
Nxc6 bxc6 9. Bd3 Be7 10. f4 O-O 11. Qf3 Qc8 12. e5 dxe5 13. fxe5 Bg4 14. Qxc6
Nd7 15. Qe4 f5 16. exf6 Bc5+ 17. Kh1 Nxf6 18. Qc4+ Kh8 19. Qxc5 Qb7 20. Be4 Qa7
21. Qxa7 Rxa7 22. Be3 Re8 23. Bxa7 Rxe4 24. Nxe4 1-0

[Event "4NCL Online Division 2"]
[Site "online"]
[Date "2020.08.25"]
[Round "1.64"]
[White "Johnstone, J Gerry"]
[Black "Johnson, Paul A"]
[Result "1/2-1/2"]
[WhiteElo "1607"]
[BlackElo "1812"]
[PlyCount "91"]
[EventDate "2020.08.25"]
[WhiteTeam "Hull & Beverley Romans 2"]
[BlackTeam "Bradford DCA Knights A"]

1. e4 e5 2. Nf3 Nc6 3. Bc4 Nf6 4. d3 Bc5 5. c3 d6 6. O-O h6 7. Nbd2 O-O 8. h3
Qe7 9. Re1 Bb6 10. Bb3 Be6 11. Nf1 Bxb3 12. axb3 Qd7 13. Ng3 Ne7 14. Nh4 Kh7
15. Nhf5 Nxf5 16. Nxf5 Qe6 17. Qf3 Ng8 18. Qg3 Qg6 19. Qh4 c6 20. d4 Bd8 21.
Qg3 Qxg3 22. fxg3 Bc7 23. d5 cxd5 24. exd5 Bb6+ 25. Kh1 Rad8 26. c4 g6 27. Nh4
f5 28. Nf3 a6 29. Bd2 e4 30. Ng1 Bd4 31. Bc3 Bxc3 32. bxc3 Nf6 33. Ne2 Ne8 34.
Nd4 Ng7 35. Ra4 Rfe8 36. Re3 Rc8 37. Rb4 Rc7 38. Rb6 Rd8 39. h4 h5 40. Kg1 Rdd7
41. Kf2 Kg8 42. Re2 Kf7 43. Ke3 Kf6 44. Kf4 Rc5 45. Ra2 Kf7 46. Ke3 1/2-1/2

[Event "4NCL Online Division 2"]
[Site "online"]
[Date "2020.08.25"]
[Round "1.71"]
[White "Jermy, Jaden"]
[Black "Carlin, John D"]
[Result "0-1"]
[WhiteElo "2057"]
[BlackElo "2235"]
[PlyCount "64"]
[EventDate "2020.08.25"]
[WhiteTeam "Anglia Avengers 2"]
[BlackTeam "Streatham A"]

1. d4 f5 2. c4 Nf6 3. Nf3 e6 4. g3 d6 5. Bg2 Be7 6. O-O O-O 7. Nc3 a5 8. Bg5
Ne4 9. Bxe7 Qxe7 10. Qc2 Nxc3 11. bxc3 e5 12. e3 Nd7 13. Nd2 f4 14. exf4 exf4
15. Rfe1 Qf6 16. Re6 Qg5 17. Rae1 Nf6 18. Re7 Ng4 19. Bd5+ Kh8 20. Nf3 Qh5 21.
Rxc7 Nf6 22. Nh4 Nxd5 23. cxd5 Bh3 24. c4 Rae8 25. Rce7 Rxe7 26. Rxe7 g5 27.
Ng2 Bxg2 28. Kxg2 f3+ 29. Kf1 Qxh2 30. Rxh7+ Qxh7 31. Qxh7+ Kxh7 32. c5 Rc8 0-1

[Event "4NCL Online Division 2"]
[Site "online"]
[Date "2020.08.25"]
[Round "1.72"]
[White "Keane, Graham D J"]
[Black "Moore, Geoffrey R"]
[Result "1-0"]
[WhiteElo "2161"]
[BlackElo "2057"]
[PlyCount "97"]
[EventDate "2020.08.25"]
[WhiteTeam "Streatham A"]
[BlackTeam "Anglia Avengers 2"]

1. e4 g6 2. d4 Bg7 3. Nc3 c6 4. Be3 d5 5. h3 dxe4 6. Nxe4 Nd7 7. Nf3 Ngf6 8.
Nxf6+ Nxf6 9. Bc4 O-O 10. O-O Bf5 11. c3 Be4 12. Re1 h6 13. Bf4 Bd5 14. Bb3 a5
15. Ne5 Bxb3 16. axb3 Nd5 17. Bg3 e6 18. h4 Qe7 19. h5 g5 20. Nc4 Qd8 21. Bd6
Re8 22. Be5 Bxe5 23. dxe5 Qc7 24. Nd6 Red8 25. c4 Nb4 26. Qe2 f5 27. Rad1 Qe7
28. g4 fxg4 29. Qxg4 Rf8 30. Ne4 Rf4 31. Qg3 Rd8 32. Nf6+ Kh8 33. Qc3 Qc7 34.
Rd6 Na2 35. Qd2 Rxd6 36. exd6 Qd8 37. Rxe6 Kg7 38. Re7+ Kxf6 39. Qd3 Qxe7 40.
dxe7 Kxe7 41. Qe3+ Kf6 42. Qb6 Nb4 43. Qxa5 Nc2 44. Qd8+ Kf5 45. Qf8+ Kg4 46.
Qxh6 Nd4 47. Qh7 Nf3+ 48. Kf1 Re4 49. Qxe4+ 1-0

[Event "4NCL Online Division 2"]
[Site "online"]
[Date "2020.08.25"]
[Round "1.73"]
[White "Hampton, Christopher"]
[Black "Hodgson, John H"]
[Result "1/2-1/2"]
[WhiteElo "1978"]
[BlackElo "2072"]
[PlyCount "102"]
[EventDate "2020.08.25"]
[WhiteTeam "Anglia Avengers 2"]
[BlackTeam "Streatham A"]

1. d4 Nf6 2. c4 g6 3. Nc3 d5 4. cxd5 Nxd5 5. e4 Nxc3 6. bxc3 Bg7 7. Qa4+ Nd7 8.
Nf3 O-O 9. Bg5 c5 10. Rc1 h6 11. Be3 Qc7 12. Be2 Nf6 13. dxc5 Ng4 14. Bd2 Qxc5
15. O-O Rd8 16. h3 Ne5 17. Be3 Nxf3+ 18. Bxf3 Qc7 19. Bd4 Bd7 20. Qa3 Bc6 21.
Bxg7 Kxg7 22. Rcd1 b6 23. c4 Kg8 24. Qe3 Kh7 25. e5 Bxf3 26. Qxf3 Qxc4 27. Qa3
Qe6 28. Rxd8 Rxd8 29. Qxa7 Rd5 30. Rb1 b5 31. f4 Rd2 32. Rb3 Qc6 33. Rg3 Qd7
34. Qxd7 Rxd7 35. Rb3 Rd1+ 36. Kh2 Rd4 37. Kg3 b4 38. Kf3 Kg7 39. Ke3 Rc4 40.
g3 Rc2 41. Rxb4 Rxa2 42. Rb3 Rh2 43. h4 e6 44. Kf3 h5 45. Rc3 Ra2 46. Rb3 Rc2
47. Rd3 Ra2 48. Rc3 Rb2 49. Rd3 Ra2 50. Rc3 Rb2 51. Rd3 Ra2 1/2-1/2

[Event "4NCL Online Division 2"]
[Site "online"]
[Date "2020.08.25"]
[Round "1.74"]
[White "Bennett, John M"]
[Black "Kenning, Paul H"]
[Result "1-0"]
[WhiteElo "1995"]
[BlackElo "1922"]
[PlyCount "93"]
[EventDate "2020.08.25"]
[WhiteTeam "Streatham A"]
[BlackTeam "Anglia Avengers 2"]

1. d4 d6 2. Nf3 Nf6 3. c4 Nbd7 4. Nc3 e5 5. Bg5 Be7 6. e3 c6 7. Qc2 a5 8. Rd1
Qc7 9. Bd3 h6 10. Bh4 O-O 11. h3 Re8 12. O-O Bd8 13. Bg3 b6 14. Nh4 Nh5 15. Nf5
Nxg3 16. fxg3 Nf8 17. Ne4 Bxf5 18. Rxf5 d5 19. cxd5 cxd5 20. Nc3 Rc8 21. Qf2
exd4 22. exd4 Bg5 23. Nxd5 Qd6 24. h4 Rc1 25. Rf1 Rxf1+ 26. Bxf1 Bc1 27. Bb5
Re6 28. Kh2 f6 29. Bc4 Kh8 30. Nf4 Re4 31. Rd5 Qc7 32. Qc2 Re1 33. Nd3 Re3 34.
Nf4 Re1 35. Ng6+ Nxg6 36. Qxg6 Re3 37. Bd3 Rxd3 38. Qxd3 Qe7 39. Qc2 Be3 40.
Qc8+ Kh7 41. Qf5+ Kh8 42. Rd7 Qe8 43. d5 Bc5 44. Qe6 Qb8 45. d6 Qa8 46. Qe7 Qg8
47. Rd8 1-0

[Event "4NCL Online Division 2"]
[Site "online"]
[Date "2020.08.25"]
[Round "1.81"]
[White "Burrows, Martin P"]
[Black "Finn, Peter"]
[Result "1/2-1/2"]
[WhiteElo "2125"]
[BlackElo "2125"]
[PlyCount "66"]
[EventDate "2020.08.25"]
[WhiteTeam "Wigston 1"]
[BlackTeam "CSC 1"]

1. e4 c5 2. Nf3 Nc6 3. d4 cxd4 4. Nxd4 Nf6 5. Nc3 e5 6. Ndb5 d6 7. Bg5 a6 8.
Na3 b5 9. Nd5 Be7 10. Bxf6 Bxf6 11. c4 b4 12. Nc2 O-O 13. g3 Bg5 14. Bg2 Qa5
15. b3 Qc5 16. O-O a5 17. Qd3 Be6 18. Nc7 Rad8 19. Nxe6 fxe6 20. a3 bxa3 21.
Rxa3 Rb8 22. Ra2 Rb7 23. h4 Bf6 24. Bh3 Kf7 25. Rd1 Ke7 26. Kg2 Rfb8 27. Ra3 a4
28. bxa4 Rb2 29. Ne3 Nb4 30. Qc3 Na2 31. Qd3 Nb4 32. Qc3 Na2 33. Qd3 Nb4
1/2-1/2

[Event "4NCL Online Division 2"]
[Site "online"]
[Date "2020.08.25"]
[Round "1.82"]
[White "Frostick, Clive A"]
[Black "Horspool, Philip J"]
[Result "1-0"]
[WhiteElo "2108"]
[BlackElo "2065"]
[PlyCount "143"]
[EventDate "2020.08.25"]
[WhiteTeam "CSC 1"]
[BlackTeam "Wigston 1"]

1. e4 e5 2. Nf3 Nc6 3. Nc3 Nf6 4. d4 exd4 5. Nxd4 Bb4 6. Nxc6 bxc6 7. Bd3 d5 8.
exd5 cxd5 9. O-O O-O 10. h3 c6 11. Qf3 Re8 12. Bf4 Bd6 13. Rfe1 Be6 14. Ne2 Rb8
15. b3 Qc7 16. Bxd6 Qxd6 17. Qf4 Qxf4 18. Nxf4 Bd7 19. c4 g5 20. Ne2 Ne4 21.
cxd5 cxd5 22. Rad1 Nc5 23. Bc2 Be6 24. Nd4 Rbc8 25. Re3 h6 26. Rde1 Bd7 27.
Rxe8+ Rxe8 28. Rxe8+ Bxe8 29. Nf5 Kf8 30. Kf1 Bb5+ 31. Ke1 h5 32. Kd2 Ne6 33.
g3 Bd7 34. h4 gxh4 35. Nxh4 Ke7 36. Bd1 Ng7 37. Ng2 Kd6 38. Nf4 Bg4 39. Bxg4
hxg4 40. Ke3 Nf5+ 41. Kd3 Ne7 42. Ne2 Nc6 43. a3 Ne5+ 44. Ke3 Ng6 45. Nd4 a6
46. Nc2 Kc5 47. Nb4 a5 48. Nd3+ Kd6 49. Kd4 Ne7 50. b4 Nc6+ 51. Ke3 axb4 52.
Nxb4 Ne7 53. Nd3 Ng6 54. a4 Ne7 55. a5 d4+ 56. Kf4 Kd5 57. a6 Nc8 58. Kxg4 Kc4
59. Ne5+ Kb5 60. Nxf7 Kxa6 61. Kf4 Kb6 62. g4 Kc5 63. Ke4 Kc4 64. Ne5+ Kc3 65.
f4 Ne7 66. f5 Nc6 67. Nd3 Nd8 68. Nf4 Kc4 69. g5 Nf7 70. g6 Nh6 71. f6 Ng4 72.
f7 1-0

[Event "4NCL Online Division 2"]
[Site "online"]
[Date "2020.08.25"]
[Round "1.83"]
[White "Morley, Andrew J"]
[Black "Hasson, Peter"]
[Result "1/2-1/2"]
[WhiteElo "2057"]
[BlackElo "2072"]
[PlyCount "87"]
[EventDate "2020.08.25"]
[WhiteTeam "Wigston 1"]
[BlackTeam "CSC 1"]

1. e4 e6 2. d4 d5 3. e5 c5 4. c3 Nc6 5. Nf3 Qb6 6. Bd3 Nh6 7. O-O cxd4 8. cxd4
Nf5 9. Bxf5 exf5 10. Nc3 Be6 11. Qe2 Be7 12. Rd1 h6 13. b3 O-O 14. Bb2 Rfc8 15.
Rac1 g5 16. Na4 Qc7 17. Ne1 b6 18. Nc3 Qd7 19. Nc2 Nb4 20. Nxb4 Bxb4 21. Nb1
Rxc1 22. Rxc1 Rc8 23. Rxc8+ Qxc8 24. Na3 a6 25. Qc2 f4 26. Qxc8+ Bxc8 27. Nc2
Bf8 28. f3 Bf5 29. Ne1 f6 30. exf6 Kf7 31. Kf2 Bb4 32. a3 Bd6 33. Ke2 Kxf6 34.
Nd3 Bxd3+ 35. Kxd3 Kf5 36. a4 b5 37. axb5 axb5 38. Ke2 Bb4 39. Ba1 h5 40. Bb2
g4 41. Ba1 Kg5 42. Bb2 h4 43. h3 gxh3 44. gxh3 1/2-1/2

[Event "4NCL Online Division 2"]
[Site "online"]
[Date "2020.08.25"]
[Round "1.84"]
[White "Garwood, Colin"]
[Black "Turner, Lewis A"]
[Result "1-0"]
[WhiteElo "2087"]
[BlackElo "1862"]
[PlyCount "99"]
[EventDate "2020.08.25"]
[WhiteTeam "CSC 1"]
[BlackTeam "Wigston 1"]

1. c4 c6 2. Nf3 d5 3. b3 Nf6 4. g3 Bf5 5. Bg2 Nbd7 6. Ba3 Qa5 7. Qc1 dxc4 8.
bxc4 g6 9. O-O Bg7 10. d3 O-O 11. Bb2 Bg4 12. h3 Bxf3 13. Bxf3 e5 14. Nd2 Rfe8
15. Bc3 Qc7 16. Bg2 Nc5 17. Qc2 Rad8 18. a4 Qd7 19. Qb2 Nh5 20. Rfb1 f5 21. Nb3
Nxb3 22. Qxb3 Re7 23. a5 e4 24. dxe4 fxe4 25. Rd1 Qc7 26. c5+ Kh8 27. Rxd8+
Qxd8 28. a6 bxa6 29. Ba5 Qf8 30. Rd1 Re8 31. e3 Nf6 32. Qc4 Qe7 33. Rd6 Nd7 34.
Qxe4 Qxe4 35. Bxe4 Rxe4 36. Rxd7 h6 37. Rxa7 Rc4 38. Bb6 Ra4 39. Rc7 Ra1+ 40.
Kg2 a5 41. Rxc6 a4 42. Rc8+ Kh7 43. c6 Rc1 44. Bd4 Bxd4 45. exd4 a3 46. d5 a2
47. Ra8 Rc5 48. Ra7+ Kg8 49. Rxa2 Rxd5 50. c7 1-0

[Event "4NCL Online Division 2"]
[Site "online"]
[Date "2020.08.25"]
[Round "1.91"]
[White "Chesters, Tim"]
[Black "Saidmurodov, Shahjahon"]
[Result "1-0"]
[WhiteElo "2222"]
[BlackElo "2147"]
[PlyCount "59"]
[EventDate "2020.08.25"]
[WhiteTeam "Hull & Beverley Romans 1"]
[BlackTeam "CSC 2"]

1. e4 c5 2. Nf3 d6 3. d4 cxd4 4. Nxd4 Nf6 5. Nc3 e6 6. g4 Be7 7. g5 Nfd7 8. h4
Nc6 9. Be3 a6 10. Be2 Qc7 11. h5 b5 12. Nxc6 Qxc6 13. Qd4 Rg8 14. O-O-O Bb7 15.
g6 hxg6 16. hxg6 f6 17. Bg4 Nf8 18. f4 f5 19. exf5 Bf6 20. Qd3 b4 21. Nb1 Qa4
22. Rhe1 Qxa2 23. Bd4 Be7 24. fxe6 Rc8 25. Qf5 Rh8 26. Qf7+ Kd8 27. Bb6+ Rc7
28. Rxd6+ Bxd6 29. e7+ Bxe7 30. Qxe7# 1-0

[Event "4NCL Online Division 2"]
[Site "online"]
[Date "2020.08.25"]
[Round "1.92"]
[White "Fegan, Chris"]
[Black "Hodge, Steve R"]
[Result "0-1"]
[WhiteElo "2034"]
[BlackElo "1997"]
[PlyCount "70"]
[EventDate "2020.08.25"]
[WhiteTeam "CSC 2"]
[BlackTeam "Hull & Beverley Romans 1"]

1. d4 f5 2. Bf4 Nf6 3. e3 d6 4. Nd2 g6 5. h4 h6 6. Ngf3 Bg7 7. Bd3 O-O 8. c3 e6
9. Qb3 Qe7 10. O-O-O a5 11. a4 Nbd7 12. e4 fxe4 13. Nxe4 Nxe4 14. Bxe4 Rxf4 15.
Bxg6 Nb6 16. Rde1 Bd7 17. Re3 Rf6 18. Qc2 Bxa4 19. b3 Be8 20. Be4 Bc6 21. Bf5
Nd5 22. Bh7+ Kh8 23. Ree1 a4 24. bxa4 Bxa4 25. Qe4 Bc6 26. Qc2 Ba4 27. Qe4 Nxc3
28. Qxb7 Rff8 29. Qb2 Nd5 30. Be4 Qf6 31. g3 Rfb8 32. Qd2 Bc6 33. Kd1 Bb5 34.
Qc1 Ra2 35. Bb1 Qxf3+ 0-1

[Event "4NCL Online Division 2"]
[Site "online"]
[Date "2020.08.25"]
[Round "1.93"]
[White "Turner, Tim M"]
[Black "Lawson, Maurice E"]
[Result "0-1"]
[WhiteElo "1892"]
[BlackElo "1983"]
[PlyCount "40"]
[EventDate "2020.08.25"]
[WhiteTeam "Hull & Beverley Romans 1"]
[BlackTeam "CSC 2"]

1. Nf3 d5 2. g3 Nf6 3. Bg2 e6 4. O-O b6 5. c4 Bb7 6. cxd5 exd5 7. d4 Bd6 8. Nc3
a6 9. Ne5 Nbd7 10. Bg5 h6 11. Nxd7 hxg5 12. Nxf6+ Qxf6 13. Qa4+ Kf8 14. Nxd5
Qh6 15. h4 gxh4 16. g4 h3 17. Bf3 Bxd5 18. Bxd5 Qf4 19. Rfe1 Qxg4+ 20. Kf1 h2
0-1

[Event "4NCL Online Division 2"]
[Site "online"]
[Date "2020.08.25"]
[Round "1.94"]
[White "John, Joshua"]
[Black "Crow, Stephen"]
[Result "1/2-1/2"]
[WhiteElo "2027"]
[BlackElo "1802"]
[PlyCount "116"]
[EventDate "2020.08.25"]
[WhiteTeam "CSC 2"]
[BlackTeam "Hull & Beverley Romans 1"]

1. d4 e6 2. Nf3 f5 3. c4 Nf6 4. Nc3 Be7 5. Bf4 O-O 6. e3 d6 7. Bd3 a5 8. h4 Na6
9. a3 Qe8 10. Bg5 Qh5 11. e4 h6 12. Bxf6 Bxf6 13. e5 dxe5 14. Nxe5 Qxd1+ 15.
Rxd1 Rd8 16. Be2 c5 17. f4 cxd4 18. Nb5 Nc5 19. Nxd4 Bd7 20. Bf3 Ba4 21. Rd2
Nb3 22. Nxb3 Bxb3 23. Bxb7 Rxd2 24. Kxd2 Rb8 25. Ba6 g5 26. g3 Ba4 27. Rb1 Rb3
28. Nd3 Be7 29. c5 Bc6 30. Bc4 Rb8 31. Bxe6+ Kg7 32. hxg5 hxg5 33. Bxf5 Kf6 34.
Bg4 Rd8 35. Ke3 gxf4+ 36. gxf4 Bb5 37. Ne5 Bxc5+ 38. Kf3 Rd2 39. b4 axb4 40.
axb4 Bd6 41. Ke4 Rf2 42. Bf3 Ke7 43. Rd1 Bxe5 44. Ke3 Rb2 45. fxe5 Rxb4 46. Be4
Bd7 47. Ra1 Rb3+ 48. Kf4 Rb4 49. Ra6 Rc4 50. Ke3 Rb4 51. Bd5 Rb5 52. Kd4 Rb4+
53. Kc5 Rb5+ 54. Kc4 Rb2 55. e6 Bb5+ 56. Kc3 Bxa6 57. Kxb2 Bc8 58. Bc4 Bxe6
1/2-1/2

[Event "4NCL Online Division 2"]
[Site "online"]
[Date "2020.08.25"]
[Round "1.101"]
[White "Walker, Max"]
[Black "Ilesanmi, Olusegun"]
[Result "0-1"]
[WhiteElo "2080"]
[BlackElo "1915"]
[PlyCount "74"]
[EventDate "2020.08.25"]
[WhiteTeam "The Rook1Es"]
[BlackTeam "Shropshire 2"]

1. e4 c5 2. Nf3 d6 3. d4 cxd4 4. Nxd4 Nf6 5. Nc3 g6 6. Be3 Bg7 7. f3 O-O 8. Bc4
Bd7 9. Qd2 Nc6 10. O-O-O Rc8 11. Bb3 Ne5 12. h4 Nc4 13. Bxc4 Rxc4 14. h5 Nxh5
15. g4 Nf6 16. Bh6 Nxe4 17. Qe3 Rxc3 18. bxc3 Nf6 19. Bxg7 Kxg7 20. Qh6+ Kh8
21. g5 Nh5 22. Rxh5 gxh5 23. Qxh5 Qa5 24. Qh4 Bf5 25. Nxf5 Qxf5 26. Qd4+ Kg8
27. Qxa7 Qxf3 28. Rd3 Qf5 29. Qxb7 Qxg5+ 30. Kb2 f5 31. Qb3+ Kg7 32. c4 Qf6+
33. Kb1 f4 34. Rf3 h5 35. a4 Qe5 36. Qb5 d5 37. Ka2 Rb8 0-1

[Event "4NCL Online Division 2"]
[Site "online"]
[Date "2020.08.25"]
[Round "1.102"]
[White "Kolbusz, George"]
[Black "Stubbs, Oliver"]
[Result "0-1"]
[WhiteElo "1900"]
[BlackElo "2072"]
[PlyCount "102"]
[EventDate "2020.08.25"]
[WhiteTeam "Shropshire 2"]
[BlackTeam "The Rook1Es"]

1. d4 Nf6 2. c4 g6 3. g3 d5 4. cxd5 Nxd5 5. Bg2 Bg7 6. e4 Nb6 7. Ne2 O-O 8. O-O
Nc6 9. d5 Na5 10. Nbc3 c6 11. b3 cxd5 12. exd5 Bg4 13. Bd2 Nd7 14. h3 Bf5 15.
Rc1 Rc8 16. Be3 Nf6 17. Bxa7 b6 18. Na4 Rxc1 19. Qxc1 Nd7 20. Qe3 Qc7 21. Bxb6
Nxb6 22. Nxb6 Qc2 23. Nc1 Qc7 24. Na4 Nb7 25. Re1 Re8 26. Qb6 Qc8 27. Qc6 Qb8
28. Nc5 Nd6 29. N1d3 Rc8 30. Qa4 Qc7 31. g4 Bxd3 32. Nxd3 Qb7 33. Qb4 Qa7 34.
a4 Bc3 35. Qf4 Bxe1 36. Nxe1 Rb8 37. Qe3 Qxe3 38. fxe3 Rxb3 39. e4 Nxe4 40.
Bxe4 Re3 41. Nc2 Rxe4 42. Kf2 Rxa4 43. Ne3 Kg7 44. Kf3 Rd4 45. g5 h6 46. gxh6+
Kxh6 47. Kg3 Kg7 48. Kf3 f5 49. Kg3 f4+ 50. Kf3 fxe3 51. Kxe3 Rxd5 0-1

[Event "4NCL Online Division 2"]
[Site "online"]
[Date "2020.08.25"]
[Round "1.103"]
[White "Hosdurga, Chirag"]
[Black "Clark, Matthew D H"]
[Result "0-1"]
[WhiteElo "2050"]
[BlackElo "1870"]
[PlyCount "20"]
[EventDate "2020.08.25"]
[WhiteTeam "The Rook1Es"]
[BlackTeam "Shropshire 2"]

1. d4 d5 2. c4 e6 3. Nf3 c5 4. cxd5 cxd4 5. dxe6 Bxe6 6. Qxd4 Nc6 7. Qxd8+ Rxd8
8. e3 Nb4 9. Bb5+ Bd7 10. Ba4 Bxa4 0-1

[Event "4NCL Online Division 2"]
[Site "online"]
[Date "2020.08.25"]
[Round "1.104"]
[White "Raghaven, Rajeev P"]
[Black "Saunders, Aron"]
[Result "1/2-1/2"]
[WhiteElo "1870"]
[BlackElo "1907"]
[PlyCount "117"]
[EventDate "2020.08.25"]
[WhiteTeam "Shropshire 2"]
[BlackTeam "The Rook1Es"]

1. e4 c6 2. d3 d5 3. Nd2 dxe4 4. dxe4 Nf6 5. Bc4 Nbd7 6. Ngf3 Nb6 7. Bb3 Bg4 8.
O-O e6 9. h3 Bh5 10. Re1 Be7 11. Qe2 O-O 12. Nf1 Qc7 13. Bd2 Rfd8 14. Ng3 Bg6
15. Rad1 a5 16. a4 Bc5 17. Kh1 Nh5 18. Nxh5 Bxh5 19. Bg5 Be7 20. Be3 Nd7 21. c3
Ne5 22. g4 Nxf3 23. Qxf3 Bg6 24. Bc2 b5 25. Qe2 b4 26. f4 f6 27. Qf2 c5 28.
cxb4 axb4 29. b3 Qc6 30. Qg2 Bf7 31. e5 Qxg2+ 32. Kxg2 Be8 33. Be4 Rac8 34. Kf3
c4 35. bxc4 Rxc4 36. a5 Rxe4 37. Rxd8 Rxe3+ 38. Kxe3 Bxd8 39. a6 b3 40. Kd4 Bb5
41. Rb1 Bxa6 42. Rxb3 Kf7 43. Kc5 Be7+ 44. Kd4 Be2 45. Rb7 Bf1 46. h4 Bg2 47.
Rc7 Bf3 48. exf6 gxf6 49. g5 fxg5 50. hxg5 Be2 51. Ke5 Bd3 52. Rd7 Bf5 53. Rb7
Ke8 54. Rc7 Bd8 55. Rb7 Ba5 56. Rb5 Bc7+ 57. Kf6 Bxf4 58. Rxf5 exf5 59. Kxf5
1/2-1/2

[Event "4NCL Online Division 2"]
[Site "online"]
[Date "2020.08.25"]
[Round "1.111"]
[White "Madden, Paul"]
[Black "Olehnovics, Andrejs"]
[Result "1-0"]
[WhiteElo "2087"]
[BlackElo "2050"]
[PlyCount "69"]
[EventDate "2020.08.25"]
[WhiteTeam "Ashfield Anonymous A"]
[BlackTeam "Oxford 2"]

1. e4 e6 2. d4 d5 3. Nd2 dxe4 4. Nxe4 Nd7 5. Nf3 Ngf6 6. Nxf6+ Nxf6 7. Bd3 Be7
8. O-O O-O 9. Qe2 b6 10. Rd1 Bb7 11. c4 h6 12. Ne5 Qc8 13. Bd2 c5 14. dxc5 Bxc5
15. Bc3 a5 16. Ng4 Be7 17. Bxf6 Bxf6 18. Nxf6+ gxf6 19. Be4 f5 20. Bxb7 Qxb7
21. Rd3 Rad8 22. Rad1 Qe7 23. Qe3 Kh7 24. Qxb6 Rxd3 25. Rxd3 Qg5 26. Qe3 f4 27.
Qe4+ Kh8 28. h3 Rg8 29. Rd7 Qf6 30. Kh2 h5 31. c5 Rc8 32. c6 f3 33. g3 Qxb2 34.
Qxf3 Qg7 35. c7 1-0

[Event "4NCL Online Division 2"]
[Site "online"]
[Date "2020.08.25"]
[Round "1.112"]
[White "Zakarian, Dimitrios Levon"]
[Black "Gogia, Armaan"]
[Result "1/2-1/2"]
[WhiteElo "1915"]
[BlackElo "2042"]
[PlyCount "78"]
[EventDate "2020.08.25"]
[WhiteTeam "Oxford 2"]
[BlackTeam "Ashfield Anonymous A"]

1. d4 Nf6 2. Nf3 g6 3. c4 Bg7 4. g3 O-O 5. Bg2 d6 6. O-O Nc6 7. Nc3 e5 8. d5
Nb8 9. e4 a5 10. h3 Na6 11. Be3 Nd7 12. Ne1 f5 13. Nd3 b6 14. f4 Ndc5 15. Nxc5
Nxc5 16. Qd2 Nxe4 17. Nxe4 fxe4 18. Kh2 Ba6 19. Rac1 Qf6 20. b3 Rae8 21. Rce1
exf4 22. Bxf4 Qd4 23. Qxd4 Bxd4 24. Rxe4 Rxe4 25. Bxe4 b5 26. cxb5 Bxb5 27. Rc1
Bc5 28. h4 Re8 29. Bf3 Be3 30. Rxc7 Bxf4 31. gxf4 Re3 32. Kg2 Be2 33. Bxe2
Rxe2+ 34. Kf3 Rxa2 35. Rb7 Kf8 36. Kg4 Rg2+ 37. Kf3 Ra2 38. Kg4 Rg2+ 39. Kf3
Ra2 1/2-1/2

[Event "4NCL Online Division 2"]
[Site "online"]
[Date "2020.08.25"]
[Round "1.113"]
[White "Truman, Richard G"]
[Black "Wilson, Edgar"]
[Result "1-0"]
[WhiteElo "2035"]
[BlackElo "1952"]
[PlyCount "79"]
[EventDate "2020.08.25"]
[WhiteTeam "Ashfield Anonymous A"]
[BlackTeam "Oxford 2"]

1. d4 d5 2. c4 e6 3. Nf3 Nf6 4. g3 Be7 5. Bg2 O-O 6. O-O b6 7. Nc3 Bb7 8. Ne5
Nbd7 9. cxd5 Nxd5 10. Nxd5 exd5 11. Bf4 Nf6 12. Qa4 c5 13. e3 Ne4 14. f3 Nd6
15. dxc5 b5 16. Qb3 Nf5 17. c6 Bc8 18. g4 Nh4 19. Bh1 Qb6 20. Rac1 Be6 21. Nd7
Bxd7 22. cxd7 Ng6 23. Bc7 Qe6 24. f4 Qxd7 25. f5 Nh4 26. Qxd5 Rad8 27. Bxd8
Qxd5 28. Bxd5 Rxd8 29. e4 h6 30. Kf2 g5 31. Rfd1 Kg7 32. Rc7 Re8 33. Bc6 Bc5+
34. Kf1 Re7 35. Rxe7 Bxe7 36. Rd7 Bc5 37. e5 Nf3 38. f6+ Kg8 39. Rd8+ Bf8 40.
Bxf3 1-0

[Event "4NCL Online Division 2"]
[Site "online"]
[Date "2020.08.25"]
[Round "1.114"]
[White "Finn, Chris"]
[Black "Garnett, John S"]
[Result "0-1"]
[WhiteElo "1877"]
[BlackElo "1960"]
[PlyCount "66"]
[EventDate "2020.08.25"]
[WhiteTeam "Oxford 2"]
[BlackTeam "Ashfield Anonymous A"]

1. d4 Nf6 2. Nf3 d5 3. Bg5 Ne4 4. Bh4 c5 5. e3 cxd4 6. exd4 Qb6 7. Qc1 Nc6 8.
c3 Bf5 9. Nbd2 e6 10. Be2 Bd6 11. Bg3 Nxg3 12. hxg3 Rc8 13. Nb3 Nb4 14. Qg5
Nc2+ 15. Kf1 Nxa1 16. Qxg7 Rf8 17. Nxa1 Qxb2 18. Nb3 Qb1+ 19. Ne1 Qxa2 20. Bb5+
Kd8 21. Nc5 Bxc5 22. dxc5 Ke7 23. Qd4 a6 24. Ba4 Qc4+ 25. Qxc4 dxc4 26. Nf3
Rxc5 27. Nd4 Bd3+ 28. Ke1 b5 29. Bd1 Rd8 30. Bf3 Rd6 31. Bb7 e5 32. Nf3 Rb6 33.
Ba8 Rb8 0-1

[Event "4NCL Online Division 2"]
[Site "online"]
[Date "2020.08.25"]
[Round "1.121"]
[White "Sedykh, Mikhail"]
[Black "Villiers, Thomas"]
[Result "0-1"]
[WhiteElo "2192"]
[BlackElo "2252"]
[PlyCount "94"]
[EventDate "2020.08.25"]
[WhiteTeam "Catford Cosmonauts 1"]
[BlackTeam "Mushrooms 1"]

1. d4 f5 2. c4 Nf6 3. Nc3 g6 4. h4 d6 5. h5 Nxh5 6. Rxh5 gxh5 7. e4 Be6 8. Be2
Bf7 9. Bxh5 Bxh5 10. Qxh5+ Kd7 11. d5 Kc8 12. Nh3 Bg7 13. Qxf5+ Qd7 14. Qf3 Na6
15. Nf4 Nc5 16. Bd2 Rf8 17. O-O-O a5 18. Kb1 b6 19. Rh1 Bxc3 20. Bxc3 e5 21.
dxe6 Nxe6 22. g3 Kb7 23. e5+ Ka7 24. Qe4 dxe5 25. Nxe6 Qxe6 26. Rxh7 Qd6 27. a3
Rae8 28. f3 Rxf3 29. c5 Qd3+ 30. Qxd3 Rxd3 31. Rxc7+ Kb8 32. cxb6 e4 33. Bxa5
e3 34. Kc2 Rd5 35. Be1 e2 36. a4 Rd1 37. Bc3 e1=Q 38. Bxe1 Rdxe1 39. Rg7 R8e7
40. Rg8+ Kb7 41. a5 Ka6 42. b4 R1e3 43. Ra8+ Kb5 44. g4 Ra3 45. Kd2 Kxb4 46. a6
Ra2+ 47. Kd3 Ree2 0-1